000
00414nam a2200145Ia 4500
008
100122s9999 xx 000 0 und d
082
_b
52928
_a
824
100
_a
देशपांडे
245
_a
दाद (क. क्र. 4 )
260
_b
मौज प्रकाशन
_c
1997
300
_a
198
630
_a
दाद (क. क्र. 4 )
730
_a
दाद (क. क्र. 4 )
942
_c
BOOK
999
_c
430089
_d
430086